000 00818nam a2200265 i 4500
001 000046142
003 DO-SdBNP
005 20250611090900.0
007 ta
008 250611s2017 dr 000 0 spa d
040 _aDO-SdBNP
_bspa
_cBNPHU
_erda
041 _hspa
082 _axxx
_bR426c
_222
110 1 _aRepública Dominicana.
_bMinisterio de Relacionesa Exteriores
_988047
245 1 0 _aCódigo de ética pública
264 _aSanto Domingo :
_bMinisterio de Relaciones Exteriores,
_c20117
300 _a18 páginas. ;
_c22 cm.
336 _ardacontent
_btexto
_2txt
337 _ardamedia
_bsin mediación
_2n
338 _ardacarrier
_bvolumen
_2nc
590 _aInventariado, 2025/DG
710 2 _aMinisterio de Relaciones Exteriores
_bRepública Dominicana
_974195
910 _aDG
942 _2ddc
_cLF2
999 _c59215
_d59215